<?xml version="1.0" encoding="UTF-8"?>
<record
    xmlns:xsi="http://www.w3.org/2001/XMLSchema-instance"
    xsi:schemaLocation="http://www.loc.gov/MARC21/slim http://www.loc.gov/standards/marcxml/schema/MARC21slim.xsd"
    xmlns="http://www.loc.gov/MARC21/slim">

  <leader>00984nam a2200241Ia 4500</leader>
  <datafield tag="999" ind1=" " ind2=" ">
    <subfield code="c">38633</subfield>
    <subfield code="d">38633</subfield>
  </datafield>
  <controlfield tag="001">4824</controlfield>
  <controlfield tag="003">GE_BSU</controlfield>
  <controlfield tag="005">20190809135324.0</controlfield>
  <controlfield tag="008">181216s2009||||ge |||||||||||||| ||geo||</controlfield>
  <datafield tag="020" ind1=" " ind2=" ">
    <subfield code="a">9789941907395</subfield>
  </datafield>
  <datafield tag="040" ind1=" " ind2=" ">
    <subfield code="c">GE_BSU</subfield>
  </datafield>
  <datafield tag="041" ind1=" " ind2=" ">
    <subfield code="a">geo</subfield>
  </datafield>
  <datafield tag="080" ind1=" " ind2=" ">
    <subfield code="a">94(4)"19''  &#x10DD;-65 </subfield>
  </datafield>
  <datafield tag="100" ind1=" " ind2=" ">
    <subfield code="a">&#x10DD;&#x10E3;&#x10E0;&#x10DF;&#x10D4;&#x10D3;&#x10DC;&#x10D8;&#x10D9;&#x10D8;, &#x10DE;&#x10D0;&#x10E2;&#x10E0;&#x10D8;&#x10D9;</subfield>
    <subfield code="9">3477</subfield>
  </datafield>
  <datafield tag="245" ind1=" " ind2=" ">
    <subfield code="a">&#x10D4;&#x10D5;&#x10E0;&#x10DD;&#x10DE;&#x10D4;&#x10D0;&#x10DC;&#x10D0;  &#x10DB;&#x10D4;&#x10DD;&#x10EA;&#x10D4; &#x10E1;&#x10D0;&#x10E3;&#x10D9;&#x10E3;&#x10DC;&#x10D8;&#x10E1; &#x10DB;&#x10DD;&#x10D9;&#x10DA;&#x10D4; &#x10D8;&#x10E1;&#x10E2;&#x10DD;&#x10E0;&#x10D8;&#x10D0; = Europeana /</subfield>
    <subfield code="c">&#x10DE;&#x10D0;&#x10E2;&#x10E0;&#x10D8;&#x10D9; &#x10DD;&#x10E3;&#x10E0;&#x10DF;&#x10D4;&#x10D3;&#x10DC;&#x10D8;&#x10D9;&#x10D8; ; &#x10E0;&#x10D4;&#x10D3;. &#x10D0;&#x10DC;&#x10D0; &#x10EE;&#x10E3;&#x10E0;&#x10DD;&#x10E8;&#x10D5;&#x10D8;&#x10DA;&#x10D8;.</subfield>
  </datafield>
  <datafield tag="264" ind1=" " ind2=" ">
    <subfield code="a">&#x10D7;&#x10D1;&#x10D8;&#x10DA;&#x10D8;&#x10E1;&#x10D8; :</subfield>
    <subfield code="b">&#x10DE;&#x10D4;&#x10D2;&#x10D0;&#x10E1;&#x10D8; ;</subfield>
    <subfield code="c">2009.</subfield>
  </datafield>
  <datafield tag="300" ind1=" " ind2=" ">
    <subfield code="a">295 &#x10D2;&#x10D5;. ;</subfield>
    <subfield code="c">17 &#x10E1;&#x10DB;.</subfield>
  </datafield>
  <datafield tag="541" ind1=" " ind2=" ">
    <subfield code="h">12&#x10DA;.</subfield>
  </datafield>
  <datafield tag="653" ind1=" " ind2=" ">
    <subfield code="a">&#x10D4;&#x10D5;&#x10E0;&#x10DD;&#x10DE;&#x10D4;&#x10D0;&#x10DC;&#x10D0;</subfield>
  </datafield>
  <datafield tag="653" ind1=" " ind2=" ">
    <subfield code="a">&#x10DB;&#x10D4;&#x10DD;&#x10EA;&#x10D4; &#x10E1;&#x10D0;&#x10E3;&#x10D9;&#x10E3;&#x10DC;&#x10D8;&#x10E1; &#x10DB;&#x10DD;&#x10D9;&#x10DA;&#x10D4; &#x10D8;&#x10E1;&#x10E2;&#x10DD;&#x10E0;&#x10D8;&#x10D0;</subfield>
  </datafield>
  <datafield tag="700" ind1=" " ind2=" ">
    <subfield code="a">&#x10EE;&#x10E3;&#x10E0;&#x10DD;&#x10E8;&#x10D5;&#x10D8;&#x10DA;&#x10D8;, &#x10D0;&#x10DC;&#x10D0; </subfield>
    <subfield code="e">&#x10E0;&#x10D4;&#x10D3;&#x10D0;&#x10E5;&#x10E2;&#x10DD;&#x10E0;&#x10D8;</subfield>
    <subfield code="9">3478</subfield>
  </datafield>
  <datafield tag="942" ind1=" " ind2=" ">
    <subfield code="c">BK</subfield>
    <subfield code="2">udc</subfield>
  </datafield>
  <datafield tag="952" ind1=" " ind2=" ">
    <subfield code="0">0</subfield>
    <subfield code="1">0</subfield>
    <subfield code="2">udc</subfield>
    <subfield code="4">0</subfield>
    <subfield code="6">944_19_&#x10DD;65</subfield>
    <subfield code="7">0</subfield>
    <subfield code="9">40585</subfield>
    <subfield code="a">CPL</subfield>
    <subfield code="b">CPL</subfield>
    <subfield code="c">GEN</subfield>
    <subfield code="d">2018-12-17</subfield>
    <subfield code="g">12.00</subfield>
    <subfield code="o">94(4) ''19'' &#x10DD;-65</subfield>
    <subfield code="p">13279</subfield>
    <subfield code="r">2018-12-17</subfield>
    <subfield code="t">13279</subfield>
    <subfield code="w">2018-12-17</subfield>
    <subfield code="y">BK</subfield>
    <subfield code="z">12 &#x10DA;.</subfield>
  </datafield>
  <datafield tag="952" ind1=" " ind2=" ">
    <subfield code="0">0</subfield>
    <subfield code="1">0</subfield>
    <subfield code="2">udc</subfield>
    <subfield code="4">0</subfield>
    <subfield code="6">944_19_&#x10DD;65</subfield>
    <subfield code="7">0</subfield>
    <subfield code="9">40586</subfield>
    <subfield code="a">CPL</subfield>
    <subfield code="b">CPL</subfield>
    <subfield code="c">GEN</subfield>
    <subfield code="d">2018-12-17</subfield>
    <subfield code="g">12.00</subfield>
    <subfield code="o">94(4) ''19'' &#x10DD;-65</subfield>
    <subfield code="p">13280</subfield>
    <subfield code="r">2018-12-17</subfield>
    <subfield code="t">13280</subfield>
    <subfield code="w">2018-12-17</subfield>
    <subfield code="y">BK</subfield>
    <subfield code="z">12 &#x10DA;.</subfield>
  </datafield>
</record>
